Score 0/20 Timer 06:00
6 Plays Today
% Correct
German
98.9%
French
94.5%
Arabic
79.8%
Japanese
78.8%
Spanish
77.6%
Chinese
76.7%
Korean
76.6%
Russian
70.1%
Portuguese
66.4%
Italian
61.3%
% Correct
Dutch
59.2%
Vietnamese
58.7%
Finnish
52.2%
Polish
50.3%
Hindi
45.2%
Hebrew
40.7%
Norwegian
39%
Turkish
34.7%
Icelandic
29.2%
Hungarian
26.2%
Remove Ads.
Support Sporcle.
Get the best of Sporcle when you Go Orange. This ad-free experience offers more features, more stats, and more fun while also helping to support Sporcle. Thank you for becoming a member.

You're not logged in!

Compare scores with friends on all Sporcle quizzes.
OR
Log In

Show Comments

Extras

Top Quizzes Today


Score Distribution

Your Account Isn't Verified!

In order to create a playlist on Sporcle, you need to verify the email address you used during registration. Go to your Sporcle Settings to finish the process.

Report this User

Report this user for behavior that violates our Community Guidelines.

Details: